000 00224nam a2200097Ia 4500
008 120527s9999 xx 000 0 und d
100 _aBALOGUN, Saka
245 _a80 glorious Year of Soun
260 _bCelebrity
942 _cBK
999 _c25340
_d25340